000 01352nam0a2200301 4500
001 RU\NLR\bibl\547841
005 20260405131822.0
021 _aRU
_b2004-41508
_92060
035 _a(NLR Aleph) 000540037
090 _a1407095
_c1407095
100 _a20040830d2004 |||y0rusy50 ca
101 0 _arus
102 _aRU
105 _ay |||||||||
200 1 _aРоль, задачи и принципы государственной инновационной политики на современном этапе социально-экономического развития России
_fВ.И. Лисов
210 _aМ.
_cШк. кн.
_d2004
215 _a25 с.
_d20
300 _aНа обороте тит.л. авт.: Лисов В.И., д.э.н., проф.
320 _aБиблиогр.: с. 24 (10 назв.)
606 0 _aИнновационная деятельность
_xГосударственное регулирование
_yРоссийская Федерация
_92346729
_3RU\NLR\auth\661402336
686 _aУ9(2)-55-21(2Р)
700 1 _4070
_8rus
_7ca
_aЛисов
_bВ. И.
_f1952-
_gВасилий Иванович
_3RU\NLR\auth\7752764
_935697
801 0 _aRU
_bNLR
_c20040830
_gPSBO
801 1 _aRU
_bNLR
_c20040830
830 _aАвт. по кн.
942 _cBOOK
980 _aNB